Countries That Contain 'V' In Their Name - Statistics

General Stats
  • This quiz has been taken 88 times
  • The average score is 11 of 18
Answer Stats
Country % Correct
Vanuatu
92%
Venezuela
90%
Vatican City
89%
Vietnam
86%
Tuvalu
85%
Latvia
67%
Bolivia
63%
Bosnia And Herzegovina
60%
St Vincent And The Grenadines
58%
Slovakia
57%
Moldova
56%
Slovenia
56%
Kosovo
53%
Maldives
49%
Ivory Coast
47%
St Kitts and Nevis
46%
El Salvador
39%
Cape Verde
38%
No matching quizzes found
Score Distribution
Percent of People with Each Score
Percentile by Number Answered
Your Score History
You have not taken this quiz